تر ا و ش خيا ل: مجمو عہ مقا لا ت (Record no. 92706)
[ view plain ]
| 000 -LEADER | |
|---|---|
| fixed length control field | 01124nam a22002657a 4500 |
| 005 - DATE AND TIME OF LATEST TRANSACTION | |
| control field | 20150406120834.0 |
| 008 - FIXED-LENGTH DATA ELEMENTS--GENERAL INFORMATION | |
| fixed length control field | 140714b xxu||||| |||| 00| 0 Urdu d |
| 010 ## - LCCN (DPL NO) | |
| LC control number | B-547959 |
| 020 ## - INTERNATIONAL STANDARD BOOK NUMBER | |
| International Standard Book Number | 9789350731208 |
| Terms of availability | 250.00 |
| 035 ## - SYSTEM CONTROL NUMBER | |
| System control number | B-547959 |
| 037 ## - SOURCE OF ACQUISITION | |
| Source of stock number/acquisition | BPPD/Pub/Ven |
| 037 ## - SOURCE OF ACQUISITION | |
| Source of stock number/acquisition | Pansy Books(Vender)/E.P.H.(Pub.) |
| 040 ## - CATALOGING SOURCE | |
| Original cataloging agency | DPL |
| Language of cataloging | Urdu |
| 082 ## - DEWEY DECIMAL CLASSIFICATION NUMBER | |
| Classification number | 840 |
| 100 ## - MAIN ENTRY--PERSONAL NAME | |
| Personal name | سيد عبد البا ر ی |
| 245 ## - TITLE STATEMENT | |
| Title | تر ا و ش خيا ل: مجمو عہ مقا لا ت |
| Statement of responsibility, etc | سيد عبد البا ر ی |
| 246 ## - VARYING FORM OF TITLE | |
| Title proper/short title | Taravish-e- Khayal |
| Remainder of title | by Syed Abdul Bari |
| 260 ## - PUBLICATION, DISTRIBUTION, ETC. (IMPRINT) | |
| Place of publication, distribution, etc | د ھلی |
| Name of publisher, distributor, etc | ا يجو کيشنل پبليشنگ ہا ؤس |
| Date of publication, distribution, etc | 2013 |
| 260 ## - PUBLICATION, DISTRIBUTION, ETC. (IMPRINT) | |
| Name of publisher, distributor, etc | Pansy Books(Vender) |
| 270 ## - ADDRESS | |
| Address | 3108،و کيل اسٹر يٹ ،کو چہ پنڈ ت ،لال کنو ا ن |
| City | د ھلی |
| Postal code | 110006 |
| Telephone number | 23216162،23214465 |
| 270 ## - ADDRESS | |
| Address | R2,/66/A Somesh Vihar,Chhawala |
| City | New Delhi |
| Postal code | 110071 |
| Telephone number | 01125317355 |
| 300 ## - PHYSICAL DESCRIPTION | |
| Extent | 252ص |
| Dimensions | 22Cm (Hb) |
| 942 ## - ADDED ENTRY ELEMENTS (KOHA) | |
| Source of classification or shelving scheme | Dewey Decimal Classification |
| Item type | Urdu Bks |
| Edition | |
| Classification part | 840 |
| Call number suffix | س ی د |
No items available.
